[Event "NZ Junior 2011"]
[Site "?"]
[Date "2011.07.29"]
[Round "7.15"]
[White "Fan, Cathy"]
[Black "Jin, Kelvin"]
[Result "1-0"]
[WhiteElo "1334"]
[BlackElo "1091"]
[PlyCount "157"]
[EventDate "2011.07.29"]
[SourceDate "2011.07.29"]

1. e4 e5 2. Nf3 Nc6 3. d4 exd4 4. Nxd4 Nxd4 5. Qxd4 d6 6. Nc3 Nf6 7. Bg5 Be7 8.
Bc4 O-O 9. O-O b6 10. Qe3 Bb7 11. Rfe1 Re8 12. Rad1 Qc8 13. h3 a5 14. a3 Bd8
15. Bxf6 Bxf6 16. Qf4 h6 17. f3 Bc6 18. Rb1 b5 19. Bxb5 Bxb5 20. Nxb5 Rb8 21.
a4 Qb7 22. c3 Qb6+ 23. Qe3 Qb7 24. Kh1 c6 25. Nxd6 Qc7 26. Nxe8 Rxe8 27. Qg1
Qb7 28. Red1 Rb8 29. Qc5 Ra8 30. Rd6 Ra6 31. Rdd1 Qb3 32. Qa3 Qxa3 33. bxa3
Bxc3 34. Rdc1 Bd4 35. Rd1 c5 36. Rb8+ Kh7 37. Rb7 Kg6 38. Rd7 f6 39. R1xd4 cxd4
40. Rxd4 Kg5 41. Rd5+ Kf4 42. Kh2 g5 43. Rf5+ Ke3 44. Kg3 Kd3 45. Rb5 h5 46. f4
Kxe4 47. fxg5 fxg5 48. Rxg5 Kd4 49. Rxh5 Rg6+ 50. Kf3 Rf6+ 51. Kg4 Kc4 52. Rxa5
Kb3 53. Rf5 Ra6 54. Rf4 Kxa3 55. h4 Rg6+ 56. Kf3 Rh6 57. g3 Rb6 58. h5 Rc6 59.
Kg4 Rh6 60. Kg5 Rc6 61. g4 Rc5+ 62. Rf5 Rc8 63. a5 Rg8+ 64. Kf4 Kb4 65. h6 Kc4
66. h7 Rh8 67. Rh5 Kd4 68. g5 Kd5 69. g6+ Kd6 70. g7 Rc8 71. Kf5 Rc1 72. h8=Q
Rf1+ 73. Kg5 Rg1+ 74. Kf6 Kc6 75. Qc8+ Kd6 76. g8=R Rg6+ 77. Kxg6 Ke7 78. Rg7+
Kd6 79. Qd7# 1-0

[Event "NZ Junior 2011"]
[Site "?"]
[Date "2011.07.29"]
[Round "7.16"]
[White "Dong, Olivia"]
[Black "Geng, Karen"]
[Result "0-1"]
[WhiteElo "1167"]
[BlackElo "1279"]
[PlyCount "148"]
[EventDate "2011.07.29"]
[SourceDate "2011.07.29"]

1. d4 d5 2. Bf4 Nf6 3. Nf3 Bf5 4. c3 e6 5. e3 c5 6. Bb5+ Nc6 7. Bxc6+ bxc6 8.
Nbd2 c4 9. Ne5 Rc8 10. O-O Bd6 11. Ndf3 Bxe5 12. Bxe5 Bg4 13. h3 Bh5 14. Re1
O-O 15. Bg3 Ne4 16. Qe2 Ng5 17. Bh4 Nxf3+ 18. Qxf3 Qxh4 19. g4 Bg6 20. Qg2 Rb8
21. Re2 h6 22. Kh2 Qe7 23. Rg1 Qd6+ 24. f4 Be4 25. Qg3 f6 26. h4 Rf7 27. g5
fxg5 28. hxg5 hxg5 29. Qxg5 Qd8 30. Qg3 Qf6 31. Qh3 Kf8 32. Qh8+ Ke7 33. Qh3
Qh6 34. Rg3 Qxh3+ 35. Rxh3 Bf5 36. Rg3 Rh8+ 37. Kg1 Be4 38. Kf2 Rh2+ 39. Ke1
Rxe2+ 40. Kxe2 g6 41. b3 cxb3 42. axb3 Rh7 43. c4 Rh2+ 44. Kd1 Bc2+ 45. Kc1
Bxb3 46. cxd5 Rc2+ 47. Kb1 cxd5 48. Rxg6 Rc3 49. Rg7+ Kf6 50. Rxa7 Rxe3 51. Rb7
Bc4 52. Rb2 Rb3 53. Rxb3 Bxb3 54. Kc1 Kf5 55. Kd2 Kxf4 56. Kd3 Bc4+ 57. Kc3 Ke4
58. Kd2 Kxd4 59. Kc2 e5 60. Kd2 e4 61. Kc2 e3 62. Kd1 Kd3 63. Ke1 e2 64. Kf2
Kd2 65. Kg3 e1=Q+ 66. Kf3 Qe3+ 67. Kg4 Qf2 68. Kg5 Ke3 69. Kg4 Qf4+ 70. Kh5 Qg3
71. Kh6 Kf4 72. Kh7 Kf5 73. Kh8 Kf6 74. Kh7 Qg7# 0-1

[Event "NZ Junior 2011"]
[Site "?"]
[Date "2011.07.29"]
[Round "7.19"]
[White "Li, Leo"]
[Black "Yan, Sarah"]
[Result "0-1"]
[WhiteElo "637"]
[BlackElo "920"]
[PlyCount "76"]
[EventDate "2011.07.29"]
[SourceDate "2011.07.29"]

1. e4 e5 2. Nf3 Nc6 3. Bc4 Bc5 4. d3 h6 5. Nc3 Nf6 6. O-O O-O 7. Nd5 Nxd5 8.
exd5 Na5 9. Be3 Bxe3 10. fxe3 d6 11. Nd2 Nxc4 12. Nxc4 Qg5 13. e4 Bg4 14. Qe1
Bh3 15. Qg3 Qxg3 16. hxg3 Bd7 17. Ne3 c6 18. c4 Rac8 19. Rfc1 b5 20. b3 cxd5
21. Nxd5 Rfe8 22. cxb5 Rxc1+ 23. Rxc1 Bxb5 24. Nc7 Rb8 25. a4 Bxd3 26. Re1 Rxb3
27. Nd5 Ra3 28. Ne7+ Kh7 29. Re3 Ra1+ 30. Kh2 Bc2 31. Nf5 Rxa4 32. Nxd6 f6 33.
Rc3 Bxe4 34. Nc4 Rb4 35. Kh3 Rb8 36. Nd6 Bg6 37. Nc4 Rc8 38. Kh2 Bf7 {
White resigns} 0-1

[Event "NZ Junior 2011"]
[Site "?"]
[Date "2011.07.29"]
[Round "7.20"]
[White "Qin, Nicole"]
[Black "Lim, Arvin"]
[Result "0-1"]
[WhiteElo "544"]
[BlackElo "874"]
[PlyCount "96"]
[EventDate "2011.07.29"]
[SourceDate "2011.07.29"]

1. e4 e5 2. Nf3 Nc6 3. d4 exd4 4. Bc4 Bc5 5. Ng5 Ne5 6. Nxf7 Nxf7 7. Bxf7+ Kxf7
8. Qh5+ g6 9. Qxc5 Nf6 10. Qxd4 Nxe4 11. O-O Nf6 12. Nc3 Re8 13. Bf4 d6 14. Bg5
c5 15. Qc4+ Kg7 16. Qf4 Re6 17. Bh6+ Kh8 18. Rad1 Qb6 19. Rde1 Qd8 20. Rxe6
Bxe6 21. Re1 Bf7 22. Nd5 Nxd5 23. Qxf7 Qg8 24. Qxb7 Nf6 25. Bg7+ Qxg7 26. Re7
Re8 27. Rxe8+ Nxe8 28. Qxg7+ Nxg7 29. g4 Kg8 30. h4 h6 31. f4 h5 32. gxh5 gxh5
33. Kg2 Nf5 34. Kf2 Nxh4 35. c4 Nf5 36. Ke2 Kf7 37. Kd3 Kf6 38. Ke4 h4 39. Kf3
Ke6 40. Kg4 d5 41. b3 d4 42. Kf3 d3 43. Kf2 h3 44. Kg1 d2 45. Kh2 d1=Q 46. Kxh3
Qf3+ 47. Kh2 Nh4 48. Kg1 Qg2# 0-1

[Event "NZ Junior 2011"]
[Site "?"]
[Date "2011.07.29"]
[Round "7.21"]
[White "Simmons, Joshua"]
[Black "Zhang, Jasmine"]
[Result "0-1"]
[WhiteElo "808"]
[BlackElo "712"]
[PlyCount "38"]
[EventDate "2011.07.29"]
[SourceDate "2011.07.29"]

1. e4 e5 2. Nf3 Nc6 3. Bc4 Bc5 4. O-O Nf6 5. Nc3 d6 6. a3 Bg4 7. d3 Nd4 8. b4
Bb6 9. h3 Nxf3+ 10. gxf3 Bxh3 11. Re1 Nd7 12. Ne2 Qf6 13. Ng3 Qg6 14. c3 h5 15.
Kh1 h4 16. Qc2 hxg3 17. fxg3 Qxg3 18. Qh2 Qxe1+ 19. Qg1 Qxg1# 0-1

[Event "NZ Junior 2011"]
[Site "?"]
[Date "2011.07.29"]
[Round "7.22"]
[White "Li, Rodney"]
[Black "Wang, Aaron"]
[Result "1-0"]
[WhiteElo "790"]
[BlackElo "547"]
[PlyCount "51"]
[EventDate "2011.07.29"]
[SourceDate "2011.07.29"]

1. e4 e5 2. Nf3 Nc6 3. Bb5 a6 4. Bxc6 bxc6 5. Nxe5 Nh6 6. Nc3 Bd6 7. Nf3 Bb7 8.
O-O O-O 9. d4 c5 10. Bxh6 Re8 11. dxc5 Bxc5 12. Re1 d6 13. Bf4 h6 14. Qd2 Bb4
15. a3 Bxc3 16. Qxc3 d5 17. e5 c6 18. g3 Qc8 19. Rad1 c5 20. b4 c4 21. Kg2 Bc6
22. Qd4 Rb8 23. Bd2 Rd8 24. Bc3 Rb7 25. e6 Re7 26. Qxg7# 1-0